Aplikace metody Delphi při expertním stanovení faktorů ovlivňujících efektivnost e-learningu ve vzdělávání pracovníků v malých a středních podnicích

Kľúčové faktory ovplyvňujúce efektívnosť e-learningového vzdelávania pracovníkov v malých a stredných podnikoch. Aplikácia a integrácia e-learningu. Koncepčné problémy podnikového vzdelávania. Využitie informačno-komunikačných technológií. Výskum prevedený metódou Delfy.

Salvato in:
Dettagli Bibliografici
Autore principale: Egerová, Dana
Altri autori: Mužík, Jaroslav
Natura: Capitolo di libro
Lingua:ceco
Soggetti:
Tags: Aggiungi Tag
Nessun Tag, puoi essere il primo ad aggiungerne!!

MARC

LEADER 00000naa$a2200000$$$4500
001 0115039
005 20231107073027.6
041 0 |a cze 
044 |a CZ 
245 1 0 |a Aplikace metody Delphi při expertním stanovení faktorů ovlivňujících efektivnost e-learningu ve vzdělávání pracovníků v malých a středních podnicích  |c Dana Egerová, Jaroslav Mužík 
520 |a Kľúčové faktory ovplyvňujúce efektívnosť e-learningového vzdelávania pracovníkov v malých a stredných podnikoch. Aplikácia a integrácia e-learningu. Koncepčné problémy podnikového vzdelávania. Využitie informačno-komunikačných technológií. Výskum prevedený metódou Delfy. 
610 2 0 |a vzdelávanie elektronické 
610 2 0 |a podnik stredný 
610 2 0 |a podnik malý 
610 2 0 |a rozvoj pracovníkov 
610 2 0 |a technológie informačné 
610 2 0 |a technológie komunikačné 
610 2 0 |a manažment informačný 
610 2 0 |a metóda Delfy 
100 1 |a Egerová, Dana 
700 1 |a Mužík, Jaroslav